| 000 | 00862nam a22002171i 4500 | ||
|---|---|---|---|
| 001 | 182862 | ||
| 003 | ES-MaACL | ||
| 005 | 20250824202555.0 | ||
| 008 | 131119s1887 sp |||| |dspa d | ||
| 245 | 0 | 0 | _aCartas y avisos dirigidos a Don Juan de Zúñiga, virrey de Nápoles en 1581. |
| 260 |
_aMadrid : _b[s.n.], _c1887 ( _fM. Ginesta, imp.) |
||
| 300 |
_aXXXII, 383 p. ; _c18 cm. |
||
| 490 | 1 |
_aColección de libros españoles raros o curiosos ; _v18 |
|
| 600 | 1 | 4 |
_aZúñiga, Juan de. _9134063 |
| 651 | 4 |
_aEspaña- _xPolítica exterior- _y1556-1598. _9151485 |
|
| 651 | 4 |
_aNápoles (Reino)- _xHistoria- _y1442-1707, Dominación española. _9163730 |
|
| 700 | 1 |
_aZúñiga, Juan de. _9134063 |
|
| 830 | 0 | 0 |
_aColección de libros españoles raros o curiosos _v18 _9187911 |
| 852 |
_aES-MaACL _jR-2170-91. Olim: G-13966-69. |
||
| 999 |
_c182862 _d182862 |
||